000 00675nam a2200217 i 4500
001 86027
003 ES-MaACL
005 20240131063029.0
007 t|
008 041207s1949 ag ||||1| spa d
100 1 _aKennedy, Margaret,
_d1896-1967
_967845
245 1 3 _aLa ninfa constante /
_cMargaret Kennedy ; traducción de Román A. Jiménez.
250 _a[7ª ed.].
260 _aBuenos Aires :
_bEditorial Sudamericana,
_c[1949] (
_fImpresora Argentina)
300 _a393 p. ;
_c19 cm.
490 1 _aHorizonte
700 1 _aJiménez, Román A.
_966438
830 0 _aHorizonte
_9180916
852 _aES-MaACL
_jD-4757
_bR.29613
999 _c86027
_d86027